000 00656nam a2200217Ii 4500
003 JO-AjNU
008 230605s9999||||xx |||||||||||||| ||und||
017 _a2012/8/3218
020 _a978-9957-49-045-4
040 _aJO-AjNU
_bara
_erda
_cJO-AjNU
041 _aara
050 1 4 _aPJ7860 2013
100 3 _aتأليف الزغول، فارس,
_eauthor
_948918
245 0 0 _aوسوسة على درب الهلع
264 3 1 _aعمان:دار الثقافة،2013
300 _a82ص
336 _atext
_btxt
_2rdacontent
337 _aunmediated
_bn
_2rdamedia
338 _avolume
_bnc
_2rdacarrier
650 4 _aالشعر العربي - قصص
_948919
999 _aA21454
_c25022
_d25022